| 000 | 00615nam a2200181Ia 4500 | ||
|---|---|---|---|
| 008 | 151018s9999 xx 000 0 und d | ||
| 082 |
_bRBASDV6878 _a891.463 |
||
| 100 | _aचंद्रकांत काकोडकर | ||
| 245 | _aगेस्ट हाउस | ||
| 250 | _b2 | ||
| 260 |
_bभारतीय पॉकेट बुक्स _c1969 |
||
| 300 | _a92 | ||
| 600 | _aचंद्रकांत काकोडकर | ||
| 630 | _aगेस्ट हाउस | ||
| 700 | _aचंद्रकांत काकोडकर | ||
| 730 | _aगेस्ट हाउस | ||
| 942 | _cBOOK | ||
| 999 |
_c1009247 _d1009244 |
||